000 00688nam a2200205 i 4500
001 20303
003 ES-MaACL
005 20250724094349.0
007 t|
008 021111s1954 sp f |||| | spa d
100 1 _aAguilar, José.
_918696
245 1 0 _aAtlas universal Aguilar /
_ccompilado, redactado y trazado bajo la dirección de José Aguilar, Elisa García Araez y Antonio Villaroya.
260 _aMadrid :
_bAguilar,
_c1954 (
_fOgrama)
300 _a141 p., 125 p., 116 lám. :
_bil. ;
_c41 cm.
650 7 _aAtlas
_2embne
_910407
700 1 _aGarcía Araez, Elisa.
_954170
700 1 _aVillarroya, Antonio.
_9115144
852 _aES-MaACL
_jB-8081
999 _c20303
_d20303